000 01534cam a22004454a 4500
001 muse34255
003 MdBmJHUP
005 20210127151055.0
006 m o d
007 cr||||||||nn|n
008 051102s2006 ohu o 00 0 eng d
010 _z 2005031877
020 _a9780814272558
020 _a081427255X
020 _z9780814210208
020 _z0814210201 (alk. paper)
035 _a(OCoLC)1229912862
040 _aMdBmJHUP
_cMdBmJHUP
050 0 4 _aPA6519.F9
_bK56 2006
082 0 _a871/.01
_222
100 1 _aKing, Richard Jackson,
_d1960-
245 1 0 _aDesiring Rome
_bMale Subjectivity and Reading Ovid's Fasti /
_cRichard J. King.
264 1 _bOhio State University Press,
264 3 _bProject MUSE,
300 _a1 online resource (xi, 328 p.) :
_bill. ;
504 _aIncludes bibliographical references (p. 296-313) and indexes.
506 0 _aOpen Access
_fUnrestricted online access
_2star
588 _aDescription based on print version record.
600 0 1 _aOvid,
_d43 B.C.-17 A.D. or 18 A.D.
_tFasti.
650 0 _aCalendar in literature.
650 0 _aDesire in literature.
655 7 _aElectronic books.
_2local
710 2 _aProject Muse.
_edistributor
830 0 _aBook collections on Project MUSE.
856 4 0 _zFull text available:
_uhttps://muse.jhu.edu/book/28180/
999 _c24516
_d24516